Caring for older people : a multi-cultural approach

Bibliographic Details
Main Author: Stoyle, Jacci
Format: Book
Published: Leckhampton : Stanley Thornes (Publishers)Ltd. , 1991
Subjects:

MARC

LEADER 00000cam a2200000 7i4500
001 0000002649
002 000002877
005 20000330.0
020 |a 0748704515 
090 0 0 |a 362.607   |b STO 
100 1 |a Stoyle, Jacci 
245 1 0 |a Caring for older people :   |b a multi-cultural approach   |c Jacci Stoyle 
260 |a Leckhampton :   |b Stanley Thornes (Publishers)Ltd. ,   |c 1991 
300 |a 150 p. ;   |c 24 cm. 
650 0 0 |a Aged 
650 0 0 |a Old age assistance 
999 |a 036062   |b BUKU   |c PINJAMAN   |e PERPUSTAKAAN KOMUNITI PETALING JAYA